[Event "Wroclaw Anderssen Memorial op-B"]
[Site "Wroclaw"]
[Date "2023.??.??"]
[Round "4"]
[White "Wieczorek, Maja"]
[Black "Bednarczyk, Mateusz"]
[Result "0-1"]
[WhiteElo "1343"]
[BlackElo "1700"]
[PlyCount "48"]
[EventDate "2023.08.06"]
[EventType "swiss"]
[EventRounds "9"]
[EventCountry "POL"]
[SourceTitle "EXT 2024"]
[Source "ChessBase"]
[SourceDate "2023.10.10"]
[SourceVersion "1"]
[SourceVersionDate "2023.10.10"]
[SourceQuality "1"]

1. Nf3 Nf6 2. g3 g6 3. Bg2 Bg7 4. 0-0 0-0 5. d3 c5 6. Nc3 d6 7. e4 Nc6 8. Bd2 Rb8 9. a4 a6 10. Qc1 b5 11. axb5 axb5 12. Bh6 Bg4 13. Bxg7 Kxg7 14. Nh4 Nd4 15. Kh1 b4 16. Nd1 b3 17. Ne3 bxc2 18. Nxg4 Nxg4 19. Ra2 Qb6 20. Qg5 Qb3 21. Raa1 Qxb2 22. Nf5+ Nxf5 23. exf5 Nxf2+ 24. Kg1 Qd4 0-1

[Event "Wroclaw Anderssen Memorial"]
[Site "Wroclaw"]
[Date "2022.07.30"]
[Round "9"]
[White "Wieczorek, Maja"]
[Black "Lachowicz, Tomasz"]
[Result "1-0"]
[WhiteElo "1260"]
[BlackElo "1781"]
[PlyCount "59"]
[EventDate "2022.07.30"]
[EventType "swiss (rapid)"]
[EventRounds "9"]
[EventCountry "POL"]
[SourceTitle "CBM 209 Extra"]
[Source "ChessBase"]
[SourceDate "2022.09.30"]
[SourceVersion "1"]
[SourceVersionDate "2022.09.30"]
[SourceQuality "1"]

1. e4 c6 2. d4 d5 3. Nc3 dxe4 4. Nxe4 Bf5 5. Ng3 Bg6 6. h4 h6 7. Nh3 Nd7 8. Nf4 Bf5 9. Nxf5 Qa5+ 10. Bd2 Qxf5 11. Bd3 e6 12. Bxf5 exf5 13. 0-0 0-0-0 14. c4 Ngf6 15. f3 g5 16. Ne2 Bd6 17. c5 Bc7 18. b4 Nd5 19. a4 Rdg8 20. b5 gxh4 21. bxc6 bxc6 22. Nc3 h3 23. Rf2 Nb4 24. Qb1 a5 25. Qxf5 Rg6 26. Qxh3 Rhg8 27. Ne4 Nd3 28. Re2 Bf4 29. Nd6+ Kc7 30. Bxa5+ 1-0

[Event "Wroclaw Anderssen Memorial"]
[Site "Wroclaw"]
[Date "2022.07.30"]
[Round "5"]
[White "Wieczorek, Maja"]
[Black "Owczarek, Monika"]
[Result "1-0"]
[WhiteElo "1260"]
[BlackElo "1484"]
[PlyCount "61"]
[EventDate "2022.07.30"]
[EventType "swiss (rapid)"]
[EventRounds "9"]
[EventCountry "POL"]
[SourceTitle "CBM 209 Extra"]
[Source "ChessBase"]
[SourceDate "2022.09.30"]
[SourceVersion "1"]
[SourceVersionDate "2022.09.30"]
[SourceQuality "1"]

1. e4 c5 2. Nf3 Nc6 3. d4 cxd4 4. Nxd4 g6 5. Nc3 Bg7 6. Be3 d6 7. Qd2 Nxd4 8. Bxd4 Nf6 9. f3 a6 10. g4 0-0 11. h4 Qa5 12. h5 h6 13. hxg6 fxg6 14. Bc4+ Kh7 15. g5 Nh5 16. Bxg7 Kxg7 17. gxh6+ Kh7 18. Bd3 Nf4 19. 0-0-0 Be6 20. e5 Nxd3+ 21. Qxd3 Qxe5 22. Rdg1 Bf5 23. Ne4 Bxe4 24. fxe4 Qf4+ 25. Kb1 Qf3 26. Qd4 Qf6 27. Qd5 Qe5 28. Qd3 Rac8 29. Qe2 Rf7 30. Qg4 Qf6 31. Qxc8 1-0

[Event "POL-chT U18 1st"]
[Site "Poland"]
[Date "2022.06.26"]
[Round "2.6"]
[White "Kulczycka, Zofia"]
[Black "Wieczorek, Maja"]
[Result "1/2-1/2"]
[WhiteElo "1558"]
[BlackElo "1270"]
[PlyCount "62"]
[EventDate "2022.06.25"]
[EventType "team-swiss"]
[EventRounds "9"]
[EventCountry "POL"]
[SourceTitle "EXT 2023"]
[Source "ChessBase"]
[SourceDate "2022.10.05"]
[SourceVersion "1"]
[SourceVersionDate "2022.10.05"]
[SourceQuality "1"]
[WhiteTeam "Wroclaw Srodmiescie"]
[BlackTeam "Wroclaw Invest Polonia"]
[WhiteTeamCountry "POL"]
[BlackTeamCountry "POL"]

1. e4 e5 2. Nf3 Nc6 3. Bb5 a6 4. Ba4 Nf6 5. 0-0 Nxe4 6. d4 exd4 7. Re1 d5 8. Nxd4 Bd6 9. Nxc6 Bxh2+ 10. Kh1 Qh4 11. Rxe4+ dxe4 12. Qd8+ Qxd8 13. Nxd8+ Kxd8 14. Kxh2 Be6 15. Nc3 c5 16. a3 c4 17. Nxe4 b5 18. Bxb5 axb5 19. Bf4 f6 20. Rd1+ Ke7 21. Bd6+ Kf7 22. Bb4 Rhd8 23. Nd6+ Kg6 24. Re1 Bf5 25. Re3 Rxd6 26. Bxd6 Bxc2 27. Re7 Rd8 28. Bb4 Ba4 29. Kg3 Rd5 30. Rb7 Rg5+ 31. Kh2 Rh5+ 1/2-1/2

[Event "POL-ch U12 Girls"]
[Site "Uniejow"]
[Date "2021.07.25"]
[Round "9"]
[White "Gaszka, Zuzanna"]
[Black "Wieczorek, Maja"]
[Result "1-0"]
[WhiteElo "1474"]
[BlackElo "1316"]
[PlyCount "75"]
[EventDate "2021.07.18"]
[EventType "swiss"]
[EventRounds "9"]
[EventCountry "POL"]
[SourceTitle "EXT 2022"]
[Source "ChessBase"]
[SourceDate "2021.10.06"]
[SourceVersion "1"]
[SourceVersionDate "2021.10.06"]
[SourceQuality "1"]

1. d4 Nf6 2. Nc3 g6 3. e4 d6 4. Bg5 Bg7 5. Qd2 h6 6. Bf4 c6 7. Nge2 b5 8. a3 a5 9. Ng3 Nbd7 10. Be2 g5 11. Be3 Ba6 12. Nf5 Bf8 13. b4 e6 14. Ng3 a4 15. f3 Qc7 16. Rd1 Rc8 17. Rc1 Rb8 18. Nxa4 bxa4 19. Bxa6 Ra8 20. Bd3 Rc8 21. c3 Nb6 22. 0-0 Rb8 23. Qf2 d5 24. e5 Nfd7 25. f4 f5 26. exf6 Nxf6 27. fxg5 Ng4 28. Qf3 Nxe3 29. Qxe3 hxg5 30. Qxe6+ Kd8 31. Qf6+ Qe7 32. Qxh8 Qe3+ 33. Kh1 Qxd3 34. Rxf8+ Kc7 35. Qg7+ Nd7 36. Rxb8 Kxb8 37. Qxd7 Qd2 38. Rf1 1-0

[Event "POL-ch U12 Girls"]
[Site "Uniejow"]
[Date "2021.07.23"]
[Round "7"]
[White "Wieczorek, Maja"]
[Black "Kicinska, Anna"]
[Result "1/2-1/2"]
[WhiteElo "1316"]
[BlackElo "1149"]
[PlyCount "173"]
[EventDate "2021.07.18"]
[EventType "swiss"]
[EventRounds "9"]
[EventCountry "POL"]
[SourceTitle "EXT 2022"]
[Source "ChessBase"]
[SourceDate "2021.10.06"]
[SourceVersion "1"]
[SourceVersionDate "2021.10.06"]
[SourceQuality "1"]

1. Nf3 c5 2. g3 Nc6 3. Bg2 Nf6 4. 0-0 g6 5. d3 Bg7 6. e4 d6 7. Nh4 0-0 8. f4 Qc7 9. f5 Bd7 10. g4 Ne5 11. h3 Bc6 12. c4 a6 13. Nf3 Nfd7 14. Nxe5 Nxe5 15. Nc3 b5 16. Bf4 bxc4 17. Bxe5 Bxe5 18. dxc4 Rab8 19. Qc2 Rb7 20. Rad1 Rfb8 21. b3 Qa5 22. Ne2 Qb4 23. Nf4 Bd4+ 24. Kh1 a5 25. Ne2 Bg7 26. Rd3 a4 27. Rb1 Qa5 28. Nf4 Be5 29. Nd5 Kf8 30. f6 Bxd5 31. fxe7+ Kxe7 32. exd5 axb3 33. axb3 Kf8 34. Rf3 Kg8 35. Rd3 Ra7 36. Rf3 Qa2 37. Qxa2 Rxa2 38. Rbf1 Rb7 39. Rb1 Ra3 40. Rd3 Rba7 41. Rf3 Kg7 42. Rff1 Rb7 43. Rf3 Rb4 44. Rbf1 Ra7 45. Rb1 Rab7 46. Bf1 Kg8 47. Bg2 f6 48. Kg1 Rxc4 49. bxc4 Rxb1+ 50. Rf1 Bd4+ 51. Kh1 Rxf1+ 52. Bxf1 f5 53. gxf5 gxf5 54. Kg2 Kg7 55. Kf3 Be5 56. Bd3 Kf6 57. h4 Kg6 58. Kg2 h6 59. Bc2 Kf6 60. Bd3 Bd4 61. Kf3 Be5 62. Bc2 Bc3 63. Kf4 Bd2+ 64. Kf3 Ke5 65. Bd3 Be1 66. h5 Bh4 67. Be2 Bg5 68. Bf1 Bc1 69. Bd3 Bd2 70. Be2 Kf6 71. Kg3 Kg5 72. Kf2 Kf4 73. Bf3 Be3+ 74. Kg2 Bd4 75. Bd1 Ke3 76. Kf1 Kd2 77. Ba4 Ke3 78. Bb5 f4 79. Ba6 f3 80. Bb5 Kd2 81. Ba6 Bg1 82. Bb5 f2 83. Ba6 Ke3 84. Bb5 Kd4 85. Ba6 Ke5 86. Bb5 Kf6 87. Be8 1/2-1/2

[Event "POL-ch U12 Girls"]
[Site "Uniejow"]
[Date "2021.07.22"]
[Round "5"]
[White "Wieczorek, Maja"]
[Black "Chmielek, Kamelia"]
[Result "1-0"]
[WhiteElo "1316"]
[BlackElo "1147"]
[PlyCount "87"]
[EventDate "2021.07.18"]
[EventType "swiss"]
[EventRounds "9"]
[EventCountry "POL"]
[SourceTitle "EXT 2022"]
[Source "ChessBase"]
[SourceDate "2021.10.06"]
[SourceVersion "1"]
[SourceVersionDate "2021.10.06"]
[SourceQuality "1"]

1. e4 e6 2. d4 d5 3. Nc3 Nf6 4. e5 Nfd7 5. f4 c5 6. Nf3 Nc6 7. Be3 a6 8. Qd2 b5 9. a3 Qb6 10. Ne2 a5 11. dxc5 Bxc5 12. Ned4 0-0 13. c3 Re8 14. Bd3 Ba6 15. b4 Nxd4 16. Nxd4 Bxd4 17. Bxd4 Qc7 18. 0-0 Nb6 19. Rf3 Nc4 20. Qf2 axb4 21. axb4 Bb7 22. Rf1 Ra3 23. Qh4 h6 24. Rg3 Kh8 25. f5 exf5 26. e6 Ne5 27. exf7 Qxf7 28. Bxf5 Qe7 29. Qh5 Qf8 30. Rxg7 Nf3+ 31. Qxf3 Qxg7 32. Bxg7+ Kxg7 33. Qg4+ Kf8 34. Bd7+ Ke7 35. Qe6+ Kd8 36. Qxe8+ Kc7 37. Bxb5 Ra2 38. Rf7+ Kb6 39. Rf6+ Ka7 40. Qe3+ Ka8 41. Rf8+ Bc8 42. Rxc8+ Kb7 43. Qc5 d4 44. Qc7# 1-0